Us pār / (Record no. 330127)
[ view plain ]
| 000 -LEADER | |
|---|---|
| fixed length control field | 00723cam a22002537a 4500 |
| 001 - CONTROL NUMBER | |
| control field | 13503658 |
| 003 - CONTROL NUMBER IDENTIFIER | |
| control field | NUST |
| 005 - DATE AND TIME OF LATEST TRANSACTION | |
| control field | 20170612111248.0 |
| 008 - FIXED-LENGTH DATA ELEMENTS--GENERAL INFORMATION | |
| fixed length control field | 921210s1992 pk 000 0 urd| |
| 010 ## - LIBRARY OF CONGRESS CONTROL NUMBER | |
| LC control number | 92931543 |
| 025 ## - OVERSEAS ACQUISITION NUMBER | |
| Overseas acquisition number | P-U-024135 |
| 035 ## - SYSTEM CONTROL NUMBER | |
| System control number | (DLC) 92931543 |
| 040 ## - CATALOGING SOURCE | |
| Original cataloging agency | DLC |
| Transcribing agency | DLC |
| Modifying agency | DLC |
| 042 ## - AUTHENTICATION CODE | |
| Authentication code | lcode |
| 050 00 - LIBRARY OF CONGRESS CALL NUMBER | |
| Classification number | MLCSA 93/02340 (P) |
| 082 ## - DEWEY DECIMAL CLASSIFICATION NUMBER | |
| Classification number | 891.4391 |
| Author Mark | AMJ |
| 100 1# - MAIN ENTRY--PERSONAL NAME | |
| Personal name | Amjad, Amjad Islām, |
| Dates associated with a name | 1944- |
| 9 (RLIN) | 1998 |
| 245 10 - TITLE STATEMENT | |
| Title | Us pār / |
| Statement of responsibility, etc. | Amjad Islām Amjad. |
| 260 ## - PUBLICATION, DISTRIBUTION, ETC. | |
| Place of publication, distribution, etc. | Lāhore : |
| Name of publisher, distributor, etc. | Māvarā Pablisharz, |
| Date of publication, distribution, etc. | 1992. |
| 300 ## - PHYSICAL DESCRIPTION | |
| Extent | 150 p. ; |
| Dimensions | 22 cm. |
| 500 ## - GENERAL NOTE | |
| General note | Poems. |
| 500 ## - GENERAL NOTE | |
| General note | In Urdu. |
| 650 ## - SUBJECT ADDED ENTRY--TOPICAL TERM | |
| Topical term or geographic name entry element | Urdu literature- Poems |
| 9 (RLIN) | 1989 |
| 880 ## - ALTERNATE GRAPHIC REPRESENTATION | |
| Linkage | 100-01\(3\r |
| Title | امجد اسلام امجد |
| d | 2010 |
| 880 ## - ALTERNATE GRAPHIC REPRESENTATION | |
| Linkage | 245-02\(3\r |
| Title | اس پار |
| c | امجد اسلام امجد |
| 880 ## - ALTERNATE GRAPHIC REPRESENTATION | |
| Linkage | 260-03\(3\r |
| Title | لاہور: |
| b | جہانگیر بکس، |
| c | 2010. |
| 906 ## - LOCAL DATA ELEMENT F, LDF (RLIN) | |
| a | 7 |
| b | cbc |
| c | origode |
| d | 3 |
| e | ncip |
| f | 19 |
| g | y-gencatlg |
| 942 ## - ADDED ENTRY ELEMENTS (KOHA) | |
| Source of classification or shelving scheme | |
| Koha item type | Book |
| Withdrawn status | Lost status | Source of classification or shelving scheme | Damaged status | Not for loan | Collection code | Permanent Location | Current Location | Shelving location | Date acquired | Total Checkouts | Full call number | Barcode | Date last seen | Copy number | Price effective from | Koha item type |
|---|---|---|---|---|---|---|---|---|---|---|---|---|---|---|---|---|
| Central Library (CL) | Central Library (CL) | Fiction | 06/09/2017 | 891.4391 AMJ | CL2398 | 10/30/2024 | 1 | 06/09/2017 | Book |
